Derecho ambiental colombiano / (Registro nro. 28689)

Detalles MARC
000 -LEADER
fixed length control field 01320nam a2200289Ia 4500
003 - CONTROL NUMBER IDENTIFIER
control field CO-CtgCURN
005 - DATE AND TIME OF LATEST TRANSACTION
control field 20250408214550.0
008 - FIXED-LENGTH DATA ELEMENTS--GENERAL INFORMATION
fixed length control field 190723s9999 xx 000 0 und d
020 ## - INTERNATIONAL STANDARD BOOK NUMBER
International Standard Book Number 9587101197
040 ## - CATALOGING SOURCE
Original cataloging agency CO-CtgCURN
Language of cataloging spa
Transcribing agency coctgcurn
082 ## - DEWEY DECIMAL CLASSIFICATION NUMBER
Classification number 344.046
Item number G643d
100 ## - MAIN ENTRY--PERSONAL NAME
Personal name González Villa, Julio Enrique
9 (RLIN) 6410
245 #0 - TITLE STATEMENT
Title Derecho ambiental colombiano /
Statement of responsibility, etc. Julio Enrique González Villa
260 ## - PUBLICATION, DISTRIBUTION, ETC.
Place of publication, distribution, etc. Bogotá, Colombia :
Name of publisher, distributor, etc. Universidad Externado de Colombia,
Date of publication, distribution, etc. 2012
300 ## - PHYSICAL DESCRIPTION
Extent 2 v. :
Dimensions 23 centímetros
504 ## - BIBLIOGRAPHY, ETC. NOTE
Bibliography, etc. note Incluye referencias bibliográficas
505 ## - FORMATTED CONTENTS NOTE
Formatted contents note Vol. 1. Introducción al derecho del medio ambiente -- Evolucion historica del derecho ambiental en Colombia -- Etapa de legalizacion -- Vol. 2. régimen de los recursos naturales renovables contaminantes -- régimen de las aguas -- Reglas generales.
521 ## - TARGET AUDIENCE NOTE
Target audience note AREA PROFESIONAL
590 ## - LOCAL NOTE (RLIN)
Local note Programa de Derecho_18
650 ## - SUBJECT ADDED ENTRY--TOPICAL TERM
Topical term or geographic name entry element Derecho ambiental
9 (RLIN) 6411
650 ## - SUBJECT ADDED ENTRY--TOPICAL TERM
Topical term or geographic name entry element Derecho social
9 (RLIN) 6412
942 ## - ADDED ENTRY ELEMENTS (KOHA)
Koha item type Libros
Classification part 344.046
Item part G643d
Source of classification or shelving scheme Dewey Decimal Classification
Suppress in OPAC No
Existencias
Withdrawn status Lost status Damaged status Not for loan Collection Home library Current library Shelving location Date acquired Inventory number Total checkouts Full call number Barcode Date last seen Copy number Price effective from Koha item type Source of classification or shelving scheme Source of acquisition Public note
          Miguel Henríquez Castañeda Barranquilla Miguel Henríquez Castañeda Barranquilla General 05/23/2018 00736   344.046 G643d 00736 07/23/2019 v.1 ej.1 07/23/2019 Libros      
          Miguel Henríquez Castañeda Barranquilla Miguel Henríquez Castañeda Barranquilla General 05/23/2018 00737   344.046 G643d 00737 07/23/2019 v.2 ej.1 07/23/2019 Libros      
          Miguel Henríquez Castañeda Barranquilla Miguel Henríquez Castañeda Barranquilla General 05/23/2018 03955   344.046 G643d 03955 07/23/2019 v.1 ej.2 07/23/2019 Libros Dewey Decimal Classification Compra OC-01-024-15 Compra OC-01-024-15 IP 2015
          Miguel Henríquez Castañeda Barranquilla Miguel Henríquez Castañeda Barranquilla General 05/23/2018 03956   344.046 G643d 03956 07/23/2019 v.2 ej.2 07/23/2019 Libros Dewey Decimal Classification Compra OC-01-024-15 Compra OC-01-024-15 IP 2015